| 000 | 01267aam a2200325 i 4500 | ||
|---|---|---|---|
| 001 | 768714001 | ||
| 003 | CO-MdFUSB | ||
| 005 | 20211218063827.0 | ||
| 007 | ta | ||
| 008 | 211217t1981 sp |||| |||| 00| 0 spa d | ||
| 020 | _a[No incluye ISBN] | ||
| 040 |
_bspa. _aCO-MdFUSB _cCO-MdFUSB _dCO-MdFUSBC _erda |
||
| 041 | _aspa | ||
| 082 | 0 | 4 |
_a282.3 _223 _bH463m |
| 100 | 1 |
_aHegger, Herman J. (1916-) _eautor |
|
| 245 | 1 | 0 |
_aMadre, yo te acuso _c/ Herman J. Hegger ; traducido por Juan T. Sanz |
| 264 | 1 |
_aEspaña : _bFundación Editorial de Literatura Reformada, _c[1981] |
|
| 264 | 4 | _c© 1981 | |
| 300 |
_a152 páginas _c; 20 cm |
||
| 336 |
_atexto _btxt _2rdacontent |
||
| 337 |
_2rdamedia _asin mediación _bn |
||
| 338 |
_2rdacarrier _avolumen _bnc |
||
| 505 |
_tPrimera parte: Escalofriante apetencia de poder. _a¡Ay de mi, si callo! -- El sistema católico -romano. -- ¡Sal lejos de Egipto. |
||
| 505 |
_tSegunda parte: Los medios de poder del sistema Católico Romano: _aNo escudriñadores, sino pecadores. -- El sacerdote y la mujer. -- La bendita entre las mujeres. -- De los santos y santas. -- Soberanos. |
||
| 563 | _aRústico | ||
| 650 | 0 |
_9153 _aHistoria de la Iglesia |
|
| 700 |
_aSanz, Juan T. _eautor _91875 |
||
| 942 | _cBK | ||
| 945 | _aJTF-925 | ||
| 999 |
_c38823 _d38823 |
||